Statistics for Countries that Start with M - Map Quiz

Click here to take the quiz!

General Stats

  • This quiz has been taken 278 times
  • The average score is 16 of 18

Answers on the Map

Answers color-coded by a green-red scale on the quiz's map according to % correct below.
 

Answer Stats

Answer% Correct
Mexico
100%
Madagascar
96%
Moldova
94%
Mongolia
93%
Morocco
93%
Malta
92%
Marshall Islands
92%
Macedonia
91%
Malaysia
91%
Mali
91%
Mozambique
91%
Malawi
90%
Monaco
90%
Myanmar
90%
Maldives
89%
Mauritania
86%
Mauritius
85%
Montenegro
85%

Score Distribution

Percentile by Number Answered

Percent of People with Each Score

Your Score History

You have not taken this quiz